Tour de France 2017 - Statistics

General Stats
  • This quiz has been taken 136 times
  • The average score is 54 of 198
Answer Stats
Rank Team Country Cyclist Time % Correct
1 Sky United Kingdom Christopher Froome 86h 20' 55"
97%
3 AG2R France Romain Bardet + 2' 20"
95%
12 Movistar Colombia Nairo Quintana + 15' 28"
89%
2 Cannondale Colombia Rigoberto Uran + 54"
89%
5 Astana Italy Fabio Aru + 3' 05"
84%
23 Wanty France Guillaume Martin + 53' 52"
84%
101 Katusha Germany Tony Martin + 3h 10' 18"
84%
6 Quick-Step Ireland Daniel Martin + 4' 42"
82%
4 Sky Spain Mikel Landa + 2' 21"
81%
7 Orica United Kingdom Simon Yates + 6' 14"
81%
10 Sunweb France Warren Barguil + 9' 25"
80%
9 Trek Spain Alberto Contador + 8' 49"
78%
HD Bora Slovakia Juraj Sagan Day 9
74%
DSQ Bora Slovakia Peter Sagan Day 4
74%
8 UAE South Africa Louis Meintjes + 8' 20"
69%
DNF Sky United Kingdom Geraint Thomas Day 9
68%
DNF FDJ France Thibaut Pinot Day 17
68%
DNF Movistar Spain Alejandro Valverde Day 1
65%
DNS Dimension Data United Kingdom Mark Cavendish Day 5
64%
69 Sunweb Australia Michael Matthews + 2h 36' 36"
64%
17 Trek Netherlands Bauke Mollema + 37' 43"
62%
DNF Quick-Step Germany Marcel Kittel Day 17
59%
14 Sky Spain Mikel Nieve + 25' 28"
59%
38 Lotto-Jumbo Slovenia Primoz Roglic + 1h 44' 41"
54%
HD FDJ France Arnaud Démare Day 9
53%
DNF BMC Australia Richie Porte Day 9
53%
57 Sky Poland Michal Kwiatkowski + 2h 17' 48"
51%
11 BMC Italy Damiano Caruso + 14' 48"
50%
15 Bora Germany Emanuel Buchmann + 33' 21"
50%
54 Cannondale France Pierre Rolland + 2h 11' 54"
50%
33 BMC Ireland Nicolas Roche + 1h 32' 35"
49%
28 Sky Colombia Sergio Henao + 1h 16' 32"
49%
91 Direct Energie France Thomas Voeckler + 2h 58' 51"
49%
149 Lotto-Soudal Germany André Greipel + 4h 02' 54"
47%
DNF Astana Denmark Jakob Fuglsang Day 13
46%
51 Lotto-Soudal Belgium Thomas De Gendt + 2h 05' 36"
46%
29 AG2R France Pierre Latour + 1h 18' 45"
45%
24 Orica Czech Republic Roman Kreuziger + 59' 58"
45%
21 Lotto-Soudal France Tony Gallopin + 42' 39"
45%
130 Katusha Norway Alexander Kristoff + 3h 45' 40"
42%
78 Dimension Data Norway Edvald Boasson Hagen + 2h 48' 12"
42%
58 BMC Belgium Greg Van Avermaet + 2h 19' 14"
42%
DNF Lotto-Jumbo New-Zealand George Bennett Day 16
41%
63 AG2R Belgium Oliver Naesen + 2h 28' 02"
41%
DNF Quick-Step Belgium Philippe Gilbert Day 16
39%
DNS Bora Poland Rafal Majka Day 10
39%
13 AG2R France Alexis Vuillermoz + 24' 38"
36%
19 Dimension Data Belgium Serge Pauwels + 39' 36"
36%
27 Cofidis Spain Daniel Navarro + 1h 15' 26"
35%
47 Orica South Africa Daryl Impey + 2h 01' 59"
35%
167 Sky United Kingdom Luke Rowe + 4h 35' 52"
35%
116 Bora Poland Maciej Bodnar + 3h 26' 58"
35%
30 AG2R Switzerland Mathias Frank + 1h 21' 16"
34%
71 Astana Kazakhstan Alexey Lutsenko + 2h 39' 10"
32%
87 Movistar Costa Rica Andrey Amador + 2h 56' 43"
32%
62 Orica Colombia Esteban Chaves + 2h 27' 34"
32%
DNF Bahrain Spain Ion Izagirre Day 1
32%
121 Trek Germany John Degenkolb + 3h 35' 14"
32%
102 Quick-Step Czech Republic Zdenek Stybar + 3h 12' 12"
32%
97 Movistar Spain Jesus Herrada + 3h 06' 05"
31%
35 Direct Energie France Lilian Calmejane + 1h 35' 16"
31%
138 Cofidis France Nacer Bouhanni + 3h 51' 29"
31%
DNF Lotto-Jumbo Netherlands Robert Gesink Day 9
31%
25 Direct Energie France Sylvain Chavanel + 1h 04' 22"
31%
39 UAE Italy Diego Ulissi + 1h 45' 23"
30%
156 Lotto-Jumbo Netherlands Dylan Groenewegen + 4h 16' 02"
30%
HD Quick-Step Italy Matteo Trentin Day 9
30%
79 BMC Switzerland Stefan Küng + 2h 49' 17"
30%
DNF Lotto-Soudal Belgium Tim Wellens Day 15
30%
65 Fortuneo Argentina Eduardo Sepulveda + 2h 31' 05"
28%
46 Trek Colombia Jarlinson Pantano + 2h 01' 30"
28%
60 Movistar Spain Jonathan Castroviejo + 2h 22' 44"
28%
123 Lotto-Soudal Denmark Lars Bak + 3h 37' 04"
28%
141 Dimension Data United Kingdom Steve Cummings + 3h 53' 10"
28%
20 Lotto-Soudal Belgium Tiesj Benoot + 42' 04"
28%
32 BMC France Amaël Moinard + 1h 32' 02"
27%
22 AG2R Belgium Jan Bakelants + 50' 04"
27%
49 Cannondale USA Andrew Talansky + 2h 03' 27"
26%
83 UAE United Kingdom Ben Swift + 2h 54' 48"
26%
144 Sky Germany Christian Knees + 3h 55' 31"
24%
52 Trek Spain Haimar Zubeldia + 2h 06' 30"
24%
HD FDJ Lithuania Ignatas Konovalovas Day 9
24%
31 Katusha Croatia Robert Kiserlovski + 1h 25' 25"
24%
37 AG2R Luxembourg Ben Gastauer + 1h 38' 33"
23%
16 Fortuneo France Brice Feillu + 36' 46"
23%
133 Cofidis France Christophe Laporte + 3h 46' 47"
23%
67 Sunweb Netherlands Laurens ten Dam + 2h 34' 56"
23%
72 BMC Switzerland Michael Schär + 2h 41' 54"
23%
42 Fortuneo France Pierre-Luc Périchon + 1h 57' 29"
23%
113 Lotto-Soudal Australia Adam Hansen + 3h 22' 31"
22%
99 BMC Italy Alessandro De Marchi + 3h 07' 25"
22%
18 Movistar Colombia Carlos Betancur + 37' 47"
22%
36 FDJ France Rudy Molard + 1h 35' 55"
22%
110 Wanty France Yoann Offredo + 3h 20' 50"
22%
DNF Orica Australia Luke Durbridge Day 2
20%
61 Astana Denmark Michael Valgren + 2h 25' 36"
20%
DNF Astana Italy Dario Cataldo Day 11
19%
41 UAE Colombia Darwin Atapuma + 1h 50' 31"
19%
HD FDJ Italy Jacopo Guarnieri Day 9
19%
59 Orica Belgium Jens Keukeleire + 2h 22' 26"
19%
95 Katusha Germany Nils Politt + 3h 05' 52"
19%
64 Sunweb Germany Simon Geschke + 2h 28' 57"
19%
74 Katusha Portugal Tiago Machado + 2h 43' 36"
19%
112 Sky Belarus Vasil Kiryienka + 3h 21' 15"
19%
109 Bahrain Japan Yukiya Arashiro + 3h 18' 16"
19%
124 Wanty New-Zealand Dion Smith + 3h 39' 24"
18%
98 Orica Switzerland Michael Albasini + 3h 06' 55"
18%
76 Cofidis France Nicolas Edet + 2h 45' 11"
18%
118 Dimension Data South Africa Reinardt Janse Van Rensburg + 3h 30' 54"
18%
122 Bahrain Italy Sonny Colbrelli + 3h 36' 22"
18%
127 UAE Norway Vegard Laengen + 3h 41' 52"
18%
90 Cannondale Italy Alberto Bettiol + 2h 57' 56"
16%
68 AG2R France Axel Domont + 2h 35' 33"
16%
152 FDJ Italy Davide Cimolai + 4h 06' 15"
16%
56 Cofidis Spain Luis Angle Maté + 2h 15' 28"
16%
HD Dimension Data Australia Mark Renshaw Day 9
16%
55 Fortuneo France Maxime Bouet + 2h 13' 23"
16%
84 Sunweb Germany Nikias Arndt + 2h 54' 54"
16%
158 FDJ France Olivier Le Gac + 4h 17' 21"
16%
82 Lotto-Jumbo Germany Paul Martens + 2h 54' 14"
16%
159 Cannondale USA Taylor Phinney + 4h 18' 15"
16%
44 Astana Kazakhstan Andrey Zeits + 1h 59' 09"
15%
48 AG2R France Cyril Gautier + 2h 03' 24"
15%
DNF Fortuneo United Kingdom Daniel McLay Day 17
15%
115 Astana Kazakhstan Dmitriy Gruzdev + 3h 24' 42"
15%
77 Cannondale Netherlands Dylan van Baarle + 2h 47' 11"
15%
105 Quick-Step New-Zealand Jack Bauer + 3h 15' 13"
15%
50 UAE Croatia Kristijan Durasek + 2h 04' 53"
15%
155 Katusha Austria Marco Haller + 4h 13' 50"
15%
66 Direct Energie France Romain Sicard + 2h 33' 24"
15%
86 Cannondale Australia Simon Clarke + 2h 55' 27"
15%
120 Astana Ukraine Andriy Grivko + 3h 32' 14"
14%
DNF FDJ France Arthur Vichot Day 13
14%
132 Wanty Belgium Frederik Backaert + 3h 46' 36"
14%
92 Movistar Spain Imanol Erviti + 3h 00' 21"
14%
108 Movistar Germany Jasha Sütterlin + 3h 17' 53"
14%
117 Cofidis France Julien Simon + 3h 29' 21"
14%
70 Trek Netherlands Koen de Kort + 2h 38' 33"
14%
96 UAE Italy Marco Marcato + 3h 05' 53"
14%
131 Bora Germany Marcus Burghardt + 3h 45' 57"
14%
129 Sunweb Netherlands Mike Teunissen + 3h 43' 52"
14%
34 Wanty Belgium Thomas Degand + 1h 34' 02"
14%
73 Bahrain Ethiopia Tsgabu Grmay + 2h 42' 15"
14%
153 Dimension Data Austria Bernhard Eisel + 4h 10' 18"
12%
104 Movistar Italy Daniele Bennati + 3h 13' 44"
12%
85 Fortuneo France Elie Gesbert + 2h 55' 13"
12%
45 Bahrain Slovenia Janez Brajkovic + 2h 00' 38"
12%
94 Bora Australia Jay McCarthy + 3h 05' 13"
12%
139 Quick-Step Belgium Julien Vermote + 3h 52' 54"
12%
137 Wanty Italy Andrea Pasqualon + 3h 51' 18"
11%
DNF Trek Italy Fabio Felline Day 14
11%
103 Fortuneo France Florian Vachon + 3h 13' 10"
11%
143 Bahrain Slovenia Grega Bole + 3h 55' 29"
11%
HD FDJ France Mickaël Delage Day 9
11%
80 Bora Poland Pawel Poljanski + 2h 53' 42"
11%
126 Direct Energie France Adrien Petit + 3h 41' 34"
9%
88 Orica Australia Damien Howson + 2h 56' 57"
9%
53 Quick-Step Italy Gianluca Brambilla + 2h 06' 57"
9%
147 Wanty Belgium Guillaume Van Keirsbulck + 3h 59' 48"
9%
DNS Lotto-Soudal Germany Marcel Sieberg Day 17
9%
75 Katusha Netherlands Maurits Lammertink + 2h 44' 01"
9%
164 Lotto-Jumbo Germany Robert Wagner + 4h 25' 12"
9%
134 Direct Energie France Yohann Gène + 3h 47' 08"
9%
160 Bahrain Slovenia Borut Bozic + 4h 18' 41"
8%
128 Cofidis France Cyril Lemoine + 3h 43' 45"
8%
163 Cofidis Belgium Dimitri Claeys + 4h 25' 01"
8%
161 Cofidis France Florian Sénéchal + 4h 19' 17"
8%
136 Lotto-Soudal Belgium Jürgen Roelandts + 3h 47' 20"
8%
125 Fortuneo France Laurent Pichon + 3h 39' 45"
8%
40 Wanty Netherlands Marco Minnaard + 1h 48' 11"
8%
135 Trek Spain Markel Irizar + 3h 47' 10"
8%
114 Cannondale New-Zealand Patrick Bevin + 3h 23' 00"
8%
106 Direct Energie France Perrig Quémeneur + 3h 15' 40"
8%
150 Katusha Switzerland Reto Hollenstein + 4h 03' 45"
8%
26 Fortuneo France Romain Hardy + 1h 12' 51"
8%
166 Lotto-Jumbo Netherlands Tom Leezer + 4h 32' 21"
8%
81 BMC Switzerland Danilo Wyss + 2h 53' 51"
7%
154 Quick-Step Italy Fabio Sabatini + 4h 10' 25"
7%
162 Dimension Data South Africa Jaco Venter + 4h 20' 16"
7%
DNF Lotto-Jumbo Netherlands Jos Van Emden Day 9
7%
151 Orica Australia Mathew Hayman + 4h 05' 17"
7%
146 Trek Austria Michael Gogl + 3h 59' 06"
7%
148 Sunweb Netherlands Ramon Sinkeldam + 4h 01' 54"
7%
145 Katusha Germany Rick Zabel + 3h 55' 48"
7%
165 Bora Germany Rüdiger Selig + 4h 26' 43"
7%
DNF Lotto-Jumbo Netherlands Timo Roosen Day 19
7%
157 Sunweb Netherlands Albert Timmer + 4h 16' 21"
5%
119 Bahrain Spain Javier Moreno + 3h 32' 06"
5%
DNF UAE Italy Manuele Mori Day 9
5%
43 Cannondale USA Nathan Brown + 1h 57' 52"
5%
142 Sunweb Netherlands Roy Curvers + 3h 53' 38"
5%
140 Direct Energie France Thomas Boudat + 3h 53' 08"
5%
89 Direct Energie France Angelo Tulik + 2h 57' 05"
4%
111 UAE Italy Matteo Bono + 3h 20' 59"
4%
100 Wanty Belgium Pieter Vanspeybrouck + 3h 09' 38"
4%
107 Dimension Data United Kingdom Scott Thwaites + 3h 16' 28"
4%
DNF Bahrain Czech Republic Ondrej Cink Day 19
3%
93 Astana Kazakhstan Bakhtiyar Kozhatayev + 3h 04' 11"
1%
No matching quizzes found
Score Distribution
Percent of People with Each Score
Percentile by Number Answered
Your Score History
You have not taken this quiz